Purification of Laboratory Chemicals (Record no. 853)

MARC details
000 -LEADER
fixed length control field 00902nam a2200277 a 4500
001 - CONTROL NUMBER
control field 1657764
003 - CONTROL NUMBER IDENTIFIER
control field OSt
005 - DATE AND TIME OF LATEST TRANSACTION
control field 20190918155331.0
008 - FIXED-LENGTH DATA ELEMENTS--GENERAL INFORMATION
fixed length control field 970129s1996 enk b 001 0 eng
010 ## - LIBRARY OF CONGRESS CONTROL NUMBER
LC control number 97109714
020 ## - INTERNATIONAL STANDARD BOOK NUMBER
International Standard Book Number 0750637617
040 ## - CATALOGING SOURCE
Original cataloging agency DLC
Transcribing agency DLC
050 00 - LIBRARY OF CONGRESS CALL NUMBER
Classification number TP156.P83
Item number P47 1996
082 00 - DEWEY DECIMAL CLASSIFICATION NUMBER
Classification number QY 25 A55p 1996
Edition number 21
100 1# - MAIN ENTRY--PERSONAL NAME
Personal name Armarego, W. L. F.; Perrin, D. D.
9 (RLIN) 2303
245 10 - TITLE STATEMENT
Title Purification of Laboratory Chemicals
250 ## - EDITION STATEMENT
Edition statement 4th ed.
260 ## - PUBLICATION, DISTRIBUTION, ETC. (IMPRINT)
Place of publication, distribution, etc. Oxford ;
Name of publisher, distributor, etc. Butterworth Heinemann,
Date of publication, distribution, etc. c1996.
300 ## - PHYSICAL DESCRIPTION
Extent xi, 529 p. ;
Dimensions 31 cm.
500 ## - GENERAL NOTE
General note Perrin's name appears first on earlier editions.
504 ## - BIBLIOGRAPHY, ETC. NOTE
Bibliography, etc Includes bibliographical references and index.
650 ## - SUBJECT ADDED ENTRY--TOPICAL TERM
Topical term or geographic name as entry element Laboratory chemicals
9 (RLIN) 12953
906 ## - LOCAL DATA ELEMENT F, LDF (RLIN)
a 7
b cbc
c orignew
d 2
e ncip
f 19
g y-gencatlg
942 ## - ADDED ENTRY ELEMENTS (KOHA)
Source of classification or shelving scheme Other/Generic Classification Scheme
Koha item type Short Loan
Holdings
Withdrawn status Lost status Source of classification or shelving scheme Damaged status Not for loan Home library Current library Date acquired Source of acquisition Inventory number Total Checkouts Full call number Barcode Date last seen Price effective from Koha item type
    Other/Generic Classification Scheme     MUST Main Library MUST Main Library 07/01/2015 Book aid 2006/26312   QY 25 A55p 1996 2015-0031 07/01/2015 07/01/2015 Short Loan
    Other/Generic Classification Scheme     MUST Main Library MUST Main Library 27/06/2016 Donation 1997/10943   QY 25 A55p 1996 2016-2754 27/06/2016 27/06/2016 Short Loan